Logo Quiz #5 - linie lotnicze - Statystyki

Ogólne statystyki
  • Ten quiz został rozwiązany 57 razy
  • Średni wynik to 13 z 20
Statystyki odpowiedzi
Obrazkowy Odpowiedź % Poprawnych
KLM
93%
Lufthansa
89%
Polskie Linie Lotnicze LOT
82%
EasyJet
75%
Emirates
75%
Ryanair
75%
Wizzair
75%
Delta Air Lines
66%
Etihad Airways
66%
Turkish Airlines
66%
Scandinavian Airlines
64%
Air France
61%
Air Canada
59%
American Airlines
59%
Qantas
52%
Iberia
45%
British Airways
41%
Qatar Airways
39%
Eurowings
36%
Alitalia
32%
Nie znaleziono quizów pasujących do podanych kryteriów
Rozkład punktacji
Procent ludzi z każdym wynikiem
Percentyl według liczby udzielonych odpowiedzi
Twoja historia wyników
Nie rozwiązałeś tego quizu